000 00781nam a2200241Ia 4500
003 OSt
005 20220923213133.0
006 a|||||r|||| 00| 0
007 ta
008 220922b |||||||| |||| 00| 0 hin d
024 _a159,117
037 _cTextual
040 _aARTS
_cARTS
_bhin
041 _2hin
_ahin
082 _aO152,1:g, K6
100 _aगुप्त, विद्या नाथ
245 0 _aहिन्दी कविता में राष्ट्रीय भावना
246 _aHindī kavitā mean rāṣhṭrīya bhāvanā
260 _c1966
650 _aहिन्दी साहित्य
_9156264
942 _hO152,1:g, K6
_cTEXL
_2CC
999 _c313864
_d313864